[Event "BL2-Sued 1920"]
[Site "Germany"]
[Date "2019.12.07"]
[Round "5.8"]
[White "Zuyev, Igor"]
[Black "Richter, Nils"]
[Result "1-0"]
[WhiteElo "2447"]
[BlackElo "2292"]
[PlyCount "113"]
[EventDate "2019.10.19"]
[EventType "team-tourn"]
[EventRounds "11"]
[EventCountry "GER"]
[SourceTitle "EXT 2023"]
[Source "ChessBase"]
[SourceDate "2022.10.05"]
[SourceVersion "1"]
[SourceVersionDate "2022.10.05"]
[SourceQuality "1"]
[WhiteTeam "Heusenstamm"]
[BlackTeam "Schoenaich"]
[WhiteTeamCountry "GER"]
[BlackTeamCountry "GER"]

1. e4 c6 2. d4 d5 3. exd5 cxd5 4. Bd3 Nc6 5. c3 Qc7 6. Ne2 Bg4 7. f3 Bd7 8. Bf4 e5 9. dxe5 Nxe5 10. Bc2 Bd6 11. Ba4 Nf6 12. Bxd7+ Qxd7 13. 0-0 0-0 14. Bg5 Be7 15. Nd2 h6 16. Be3 Nc4 17. Nxc4 dxc4 18. Qxd7 Nxd7 19. Rad1 Bc5 20. Bd4 Rac8 21. Ng3 Rfd8 22. Nf5 Bf8 23. Bxg7 Nb6 24. Bxh6 Bxh6 25. Nxh6+ Kf8 26. Nf5 Na4 27. h4 Nxb2 28. Rb1 Rd2 29. h5 Re8 30. Ng3 Na4 31. Ne4 Rxa2 32. Rxb7 Nc5 33. Rc7 Ne6 34. Rxc4 Nf4 35. Rf2 Ra1+ 36. Kh2 Nxh5 37. Rd2 Kg7 38. Rc7 Rh8 39. Ng5 Nf6+ 40. Kg3 Kg6 41. Nxf7 Rg8 42. Kf2 Ra5 43. Nd6 Rf8 44. c4 Ng4+ 45. Ke2 Nf6 46. c5 Nh5 47. Ne4 Nf4+ 48. Kf2 Ra6 49. Rd6+ Rxd6 50. cxd6 Rb8 51. Rxa7 Kf5 52. Ra2 Nd3+ 53. Ke3 Nb4 54. g4+ Ke6 55. Rd2 Nd5+ 56. Kf2 Rb3 57. Nc5+ 1-0

[Event "GER-ch blitz"]
[Site "Magdeburg"]
[Date "2019.05.25"]
[Round "26"]
[White "Schulz, Karsten"]
[Black "Zuyev, Igor"]
[Result "1/2-1/2"]
[WhiteElo "2227"]
[BlackElo "2447"]
[PlyCount "68"]
[EventDate "2019.05.25"]
[EventType "tourn (blitz)"]
[EventRounds "29"]
[EventCountry "GER"]
[SourceTitle "CBM 190 Extra"]
[Source "ChessBase"]
[SourceDate "2019.07.15"]
[SourceVersion "1"]
[SourceVersionDate "2019.07.15"]
[SourceQuality "1"]

1. Nf3 c5 2. c4 g6 3. g3 Nf6 4. Bg2 Bg7 5. Nc3 0-0 6. 0-0 Nc6 7. d4 cxd4 8. Nxd4 Qb6 9. Nc2 d6 10. b3 Qa5 11. Bd2 Qh5 12. e4 Bd7 13. Qxh5 Nxh5 14. Rad1 Nf6 15. h3 Rac8 16. Ne3 a6 17. Ned5 Nxd5 18. Nxd5 Bd4 19. Be3 Bxe3 20. Nxe3 Rcd8 21. f4 b5 22. Kf2 f6 23. Rc1 Nb4 24. Ra1 bxc4 25. Nxc4 Bb5 26. Rfd1 Bxc4 27. bxc4 a5 28. a3 Na6 29. Rab1 Nc5 30. Ke3 Kf7 31. Rb5 Ke6 32. h4 Rde8 33. Rdb1 a4 34. Bf1 Kf7 1/2-1/2

[Event "GER-ch blitz"]
[Site "Magdeburg"]
[Date "2019.05.25"]
[Round "14"]
[White "Stein, Robert"]
[Black "Zuyev, Igor"]
[Result "0-1"]
[WhiteElo "2318"]
[BlackElo "2447"]
[PlyCount "64"]
[EventDate "2019.05.25"]
[EventType "tourn (blitz)"]
[EventRounds "29"]
[EventCountry "GER"]
[SourceTitle "CBM 190 Extra"]
[Source "ChessBase"]
[SourceDate "2019.07.15"]
[SourceVersion "1"]
[SourceVersionDate "2019.07.15"]
[SourceQuality "1"]

1. d4 Nf6 2. c4 e6 3. g3 d5 4. Nf3 dxc4 5. Bg2 c5 6. 0-0 cxd4 7. Nxd4 a6 8. a4 Qc7 9. Na3 e5 10. Ndc2 Be6 11. Bg5 Nc6 12. Bxf6 gxf6 13. Ne3 Rd8 14. Nd5 Bxd5 15. Bxd5 Nd4 16. e4 c3 17. bxc3 Qxc3 18. Nc4 Rxd5 19. Rc1 Qxc1 20. Qxc1 Ne2+ 21. Kg2 Nxc1 22. exd5 Nd3 23. Rd1 Nc5 24. d6 Nxa4 25. Ne3 Kd7 26. Nf5 Nc5 27. Rc1 b6 28. Rd1 Ke6 29. g4 h5 30. h3 b5 31. f4 b4 32. Ne3 hxg4 0-1

[Event "GER-ch blitz"]
[Site "Magdeburg"]
[Date "2019.05.25"]
[Round "2"]
[White "Svane, Frederik"]
[Black "Zuyev, Igor"]
[Result "1-0"]
[WhiteElo "2342"]
[BlackElo "2447"]
[PlyCount "59"]
[EventDate "2019.05.25"]
[EventType "tourn (blitz)"]
[EventRounds "29"]
[EventCountry "GER"]
[SourceTitle "CBM 190 Extra"]
[Source "ChessBase"]
[SourceDate "2019.07.15"]
[SourceVersion "1"]
[SourceVersionDate "2019.07.15"]
[SourceQuality "1"]

1. e4 c5 2. Nf3 g6 3. d4 cxd4 4. Nxd4 Nc6 5. c4 Nf6 6. Nc3 d6 7. Be2 Nxd4 8. Qxd4 Bg7 9. Be3 0-0 10. Qd2 Be6 11. 0-0 Qa5 12. Rac1 Rfc8 13. b3 a6 14. Nd5 Qxd2 15. Bxd2 Bxd5 16. exd5 Ne4 17. Ba5 Bd4 18. Bd3 Nc5 19. Be2 Ne4 20. Bd3 Nc5 21. Be2 b6 22. Bxb6 Nxb3 23. Bxd4 Nxd4 24. Bd3 e5 25. dxe6 Nxe6 26. Be4 Rab8 27. Bd5 Rb2 28. Rb1 Rcb8 29. Be4 Nc5 30. Rxb2 1-0

[Event "GER-ch blitz"]
[Site "Magdeburg"]
[Date "2019.05.25"]
[Round "5"]
[White "Zuyev, Igor"]
[Black "Buhmann, Rainer"]
[Result "1-0"]
[WhiteElo "2447"]
[BlackElo "2573"]
[PlyCount "91"]
[EventDate "2019.05.25"]
[EventType "tourn (blitz)"]
[EventRounds "29"]
[EventCountry "GER"]
[SourceTitle "CBM 190 Extra"]
[Source "ChessBase"]
[SourceDate "2019.07.15"]
[SourceVersion "1"]
[SourceVersionDate "2019.07.15"]
[SourceQuality "1"]

1. e4 e6 2. d4 d5 3. Nc3 Nf6 4. Bg5 Be7 5. e5 Nfd7 6. Bxe7 Qxe7 7. f4 a6 8. Nf3 c5 9. dxc5 Nxc5 10. a3 Nc6 11. Be2 0-0 12. Nd4 f6 13. 0-0 fxe5 14. Nxc6 bxc6 15. fxe5 Rxf1+ 16. Qxf1 Bb7 17. Qf2 Nd7 18. Rf1 Nxe5 19. Qb6 c5 20. Na4 d4 21. Nxc5 Bd5 22. Rf2 h5 23. Nxa6 Ng4 24. Bxg4 hxg4 25. Nb4 Rf8 26. Rxf8+ Qxf8 27. Nxd5 exd5 28. Qe6+ Kh8 29. Qxg4 Qc5 30. Qh3+ Kg8 31. Qd3 Qe7 32. h3 Qe1+ 33. Kh2 Qe5+ 34. g3 Qe1 35. Kg2 Qc1 36. b4 Qb2 37. b5 Kf7 38. Qf5+ Ke7 39. Qe5+ Kd8 40. Qxd5+ Kc8 41. Qc5+ Kb8 42. a4 d3 43. Qb6+ Kc8 44. Qc6+ Kb8 45. Qd6+ Kb7 46. Qxd3 1-0

[Event "GER-ch blitz"]
[Site "Magdeburg"]
[Date "2019.05.25"]
[Round "11"]
[White "Zuyev, Igor"]
[Black "Carow, Johannes"]
[Result "1/2-1/2"]
[WhiteElo "2447"]
[BlackElo "2445"]
[PlyCount "48"]
[EventDate "2019.05.25"]
[EventType "tourn (blitz)"]
[EventRounds "29"]
[EventCountry "GER"]
[SourceTitle "CBM 190 Extra"]
[Source "ChessBase"]
[SourceDate "2019.07.15"]
[SourceVersion "1"]
[SourceVersionDate "2019.07.15"]
[SourceQuality "1"]

1. e4 c6 2. d4 d5 3. exd5 cxd5 4. Bd3 Nc6 5. c3 Qc7 6. Ne2 Bg4 7. f3 Bd7 8. Bf4 e5 9. dxe5 Nxe5 10. Bc2 Nf6 11. 0-0 Bd6 12. Nd2 0-0 13. Bg3 Nh5 14. Bf2 Nc4 15. Nxc4 Bxh2+ 16. Kh1 dxc4 17. g3 Bxg3 18. Nxg3 Nxg3+ 19. Bxg3 Qxg3 20. Qxd7 Qh4+ 21. Kg1 Qg3+ 22. Kh1 Qh4+ 23. Kg1 Qg3+ 24. Kh1 Qh4+ 1/2-1/2

[Event "GER-ch blitz"]
[Site "Magdeburg"]
[Date "2019.05.25"]
[Round "7"]
[White "Zuyev, Igor"]
[Black "Feuerstack, Aljoscha"]
[Result "1/2-1/2"]
[WhiteElo "2447"]
[BlackElo "2441"]
[PlyCount "78"]
[EventDate "2019.05.25"]
[EventType "tourn (blitz)"]
[EventRounds "29"]
[EventCountry "GER"]
[SourceTitle "CBM 190 Extra"]
[Source "ChessBase"]
[SourceDate "2019.07.15"]
[SourceVersion "1"]
[SourceVersionDate "2019.07.15"]
[SourceQuality "1"]

1. e4 c5 2. Nc3 e6 3. f4 d5 4. Nf3 dxe4 5. Nxe4 Nf6 6. Nxf6+ Qxf6 7. g3 Nc6 8. Bd3 Bd6 9. c3 b6 10. 0-0 Bb7 11. Re1 h6 12. Be4 0-0 13. d4 cxd4 14. Nxd4 Bc5 15. Be3 Rac8 16. Bxc6 Bxc6 17. Nxc6 Rxc6 18. Qf3 Bxe3+ 19. Qxe3 Rd8 20. Rad1 Rcd6 21. Rxd6 Rxd6 22. Qe4 Qd8 23. Re2 Rd1+ 24. Kg2 Ra1 25. a3 Qd1 26. Kh3 g6 27. Qa8+ Kg7 28. Qe4 Qf1+ 29. Kh4 Rd1 30. Qg2 Qxg2 31. Rxg2 f5 32. Re2 Kf6 33. Kh3 g5 34. Kg2 Rd3 35. h4 g4 36. h5 Rd5 37. Kf2 Rd3 38. Kg2 Rd5 39. Kf2 Rd3 1/2-1/2

[Event "GER-ch blitz"]
[Site "Magdeburg"]
[Date "2019.05.25"]
[Round "23"]
[White "Zuyev, Igor"]
[Black "Heistermann, Till"]
[Result "1-0"]
[WhiteElo "2447"]
[BlackElo "2181"]
[PlyCount "49"]
[EventDate "2019.05.25"]
[EventType "tourn (blitz)"]
[EventRounds "29"]
[EventCountry "GER"]
[SourceTitle "CBM 190 Extra"]
[Source "ChessBase"]
[SourceDate "2019.07.15"]
[SourceVersion "1"]
[SourceVersionDate "2019.07.15"]
[SourceQuality "1"]

1. e4 d6 2. d4 e5 3. dxe5 dxe5 4. Qxd8+ Kxd8 5. Nc3 c6 6. f4 Nd7 7. Bc4 f6 8. Be3 Bd6 9. f5 Bc5 10. Bxc5 Nxc5 11. b4 Nd7 12. 0-0-0 Kc7 13. a4 a5 14. b5 Ne7 15. Nf3 Nc5 16. g4 h6 17. h4 Bd7 18. Be2 Nc8 19. Nd2 Nb6 20. Nc4 Nxc4 21. Bxc4 Rad8 22. Rd2 Bc8 23. Rhd1 Rxd2 24. Rxd2 Rd8 25. b6+ 1-0

[Event "Hessen Cup Goldener Springer"]
[Site "Griesheim"]
[Date "2019.01.19"]
[Round "3"]
[White "Engel, Jan"]
[Black "Zuyev, Igor"]
[Result "0-1"]
[WhiteElo "1860"]
[BlackElo "2441"]
[PlyCount "46"]
[EventDate "2019.01.18"]
[EventType "swiss"]
[EventRounds "6"]
[EventCountry "GER"]
[SourceTitle "EXT 2020"]
[Source "ChessBase"]
[SourceDate "2019.10.17"]
[SourceVersion "1"]
[SourceVersionDate "2019.10.17"]
[SourceQuality "1"]

1. e4 c5 2. Nf3 g6 3. d4 cxd4 4. Nxd4 Nc6 5. c4 Nf6 6. Nc3 d6 7. Be2 Nxd4 8. Qxd4 Bg7 9. Be3 0-0 10. Qd2 Be6 11. f4 Rc8 12. 0-0 Bxc4 13. Bxc4 Rxc4 14. Qd3 Ng4 15. Qxc4 Nxe3 16. Qd3 Nxf1 17. Kxf1 e6 18. Rd1 Qb6 19. Rd2 Rc8 20. Ke2 Qg1 21. Qxd6 Qxg2+ 22. Kd1 Qf3+ 23. Kc1 Bxc3 0-1

[Event "Oberliga Ost-B 1516"]
[Site "Germany"]
[Date "2016.04.10"]
[Round "11.2"]
[White "Zuyev, Igor"]
[Black "Albrecht, Juergen"]
[Result "1/2-1/2"]
[WhiteElo "2418"]
[BlackElo "2143"]
[PlyCount "50"]
[EventDate "2015.09.20"]
[EventType "team-tourn"]
[EventRounds "11"]
[EventCountry "GER"]
[SourceTitle "EXT 2017"]
[Source "ChessBase"]
[SourceDate "2016.10.25"]
[SourceVersion "1"]
[SourceVersionDate "2016.10.25"]
[SourceQuality "1"]
[WhiteTeam "Heusenstamm"]
[BlackTeam "Weimar"]
[WhiteTeamCountry "GER"]
[BlackTeamCountry "GER"]

1. e4 c5 2. Nc3 Nc6 3. f4 e6 4. Nf3 d5 5. Bb5 Nf6 6. e5 Nd7 7. Bxc6 bxc6 8. d3 Be7 9. 0-0 0-0 10. Re1 Nb6 11. Bd2 c4 12. Be3 cxd3 13. cxd3 c5 14. d4 Nc4 15. Rb1 Nxe3 16. Rxe3 Bb7 17. Rc1 Qd7 18. dxc5 Bxc5 19. Nd4 Rfc8 20. Rg3 Bxd4+ 21. Qxd4 Rc4 22. Qf2 Qc6 23. b3 Rc5 24. Qd4 Rc8 25. Rc2 g6 1/2-1/2

[Event "Oberliga Ost-B 1516"]
[Site "Germany"]
[Date "2016.01.17"]
[Round "7.2"]
[White "Zuyev, Igor"]
[Black "Dorst, Johannes"]
[Result "1-0"]
[WhiteElo "2418"]
[BlackElo "2207"]
[PlyCount "67"]
[EventDate "2015.09.20"]
[EventType "team-tourn"]
[EventRounds "11"]
[EventCountry "GER"]
[SourceTitle "EXT 2017"]
[Source "ChessBase"]
[SourceDate "2016.10.25"]
[SourceVersion "1"]
[SourceVersionDate "2016.10.25"]
[SourceQuality "1"]
[WhiteTeam "Heusenstamm"]
[BlackTeam "Marburg"]
[WhiteTeamCountry "GER"]
[BlackTeamCountry "GER"]

1. e4 c5 2. Nc3 Nc6 3. f4 g6 4. Nf3 Bg7 5. Bb5 Nd4 6. 0-0 Nxb5 7. Nxb5 d5 8. exd5 a6 9. Nc3 Nf6 10. d4 Nxd5 11. dxc5 Nxc3 12. Qxd8+ Kxd8 13. bxc3 Bxc3 14. Rb1 Kc7 15. Rb3 Bf6 16. Bd2 Be6 17. Rb6 Bxa2 18. Ba5 Kd7 19. Rd1+ Ke8 20. Rxb7 e6 21. Ng5 Bxg5 22. fxg5 Bd5 23. Rc7 h6 24. Rf1 Rh7 25. gxh6 Rb8 26. c6 Rb5 27. Rc8+ Ke7 28. c7 Bb7 29. Rb8 Rxa5 30. Rxb7 Kd7 31. Rxf7+ Rxf7 32. c8Q+ Kxc8 33. Rxf7 Rh5 34. h7 1-0

[Event "Oberliga Ost-B 1516"]
[Site "Germany"]
[Date "2015.12.13"]
[Round "5.3"]
[White "Zuyev, Igor"]
[Black "Rafiee, Makan"]
[Result "1/2-1/2"]
[WhiteElo "2418"]
[BlackElo "2286"]
[PlyCount "42"]
[EventDate "2015.09.20"]
[EventType "team-tourn"]
[EventRounds "11"]
[EventCountry "GER"]
[SourceTitle "EXT 2017"]
[Source "ChessBase"]
[SourceDate "2016.10.25"]
[SourceVersion "1"]
[SourceVersionDate "2016.10.25"]
[SourceQuality "1"]
[WhiteTeam "Heusenstamm"]
[BlackTeam "Kassel"]
[WhiteTeamCountry "GER"]
[BlackTeamCountry "GER"]

1. e4 e5 2. Nf3 Nc6 3. d4 exd4 4. Bc4 Bc5 5. c3 Nf6 6. cxd4 Bb4+ 7. Bd2 Bxd2+ 8. Nbxd2 d5 9. exd5 Nxd5 10. Qb3 Na5 11. Qa4+ Nc6 12. Ne5 0-0 13. Bxd5 Nxe5 14. Be4 Ng4 15. h3 Nf6 16. 0-0 c5 17. Rad1 Qxd4 18. Qxd4 cxd4 19. Bb1 Be6 20. Nf3 Bc4 21. Rfe1 Rfe8 1/2-1/2

[Event "Oberliga Ost-B 1415"]
[Site "Germany"]
[Date "2015.04.12"]
[Round "11.1"]
[White "Philipp, Michael"]
[Black "Zuyev, Igor"]
[Result "0-1"]
[WhiteElo "2215"]
[BlackElo "2378"]
[PlyCount "54"]
[EventDate "2014.09.21"]
[EventType "team-tourn"]
[EventRounds "11"]
[EventCountry "GER"]
[SourceTitle "EXT 2016"]
[Source "ChessBase"]
[SourceDate "2015.10.08"]
[SourceVersion "1"]
[SourceVersionDate "2015.10.08"]
[SourceQuality "1"]
[WhiteTeam "Weimar Vimaria"]
[BlackTeam "Heusenstamm"]
[WhiteTeamCountry "GER"]
[BlackTeamCountry "GER"]

1. e4 c5 2. c3 g6 3. d4 cxd4 4. cxd4 d5 5. exd5 Nf6 6. Qa4+ Nbd7 7. Nc3 Bg7 8. d6 0-0 9. Bd3 exd6 10. Nge2 Nb6 11. Qa3 Be6 12. Bf4 Nc4 13. Bxc4 Bxc4 14. Qxd6 Re8 15. Qxd8 Raxd8 16. Bg5 Rxd4 17. Be3 Rdd8 18. Rd1 Nd5 19. Nxd5 Bxd5 20. 0-0 Bc4 21. Nc3 Bxf1 22. Rxd8 Rxd8 23. Kxf1 Bxc3 24. bxc3 Rd1+ 25. Ke2 Ra1 26. Kd3 Rxa2 27. Kc4 f6 0-1

[Event "Oberliga Ost-B 1415"]
[Site "Germany"]
[Date "2015.01.18"]
[Round "7.3"]
[White "Zuyev, Igor"]
[Black "Seifert, Christopher"]
[Result "1-0"]
[WhiteElo "2378"]
[BlackElo "2316"]
[PlyCount "51"]
[EventDate "2014.09.21"]
[EventType "team-tourn"]
[EventRounds "11"]
[EventCountry "GER"]
[SourceTitle "EXT 2016"]
[Source "ChessBase"]
[SourceDate "2015.10.08"]
[SourceVersion "1"]
[SourceVersionDate "2015.10.08"]
[SourceQuality "1"]
[WhiteTeam "Heusenstamm"]
[BlackTeam "Neuberg"]
[WhiteTeamCountry "GER"]
[BlackTeamCountry "GER"]

1. e4 c5 2. Nc3 Nc6 3. f4 g6 4. Nf3 Bg7 5. Bb5 Nd4 6. 0-0 Nxb5 7. Nxb5 d5 8. exd5 a6 9. Nc3 Nf6 10. d4 Nxd5 11. dxc5 Nxc3 12. Qxd8+ Kxd8 13. bxc3 Be6 14. Nd4 Bc4 15. Re1 Rc8 16. Rb1 Rc7 17. c6 b5 18. a4 Bxd4+ 19. cxd4 Rxc6 20. Ba3 Re8 21. Bc5 f6 22. axb5 Bxb5 23. Rb4 e5 24. Kf2 Kd7 25. c4 exd4 26. cxb5 1-0

[Event "Oberliga Ost-B 1415"]
[Site "Germany"]
[Date "2014.12.07"]
[Round "5.2"]
[White "Zuyev, Igor"]
[Black "Rafiee, Makan"]
[Result "1/2-1/2"]
[WhiteElo "2378"]
[BlackElo "2258"]
[PlyCount "89"]
[EventDate "2014.09.21"]
[EventType "team-tourn"]
[EventRounds "11"]
[EventCountry "GER"]
[SourceTitle "EXT 2016"]
[Source "ChessBase"]
[SourceDate "2015.10.08"]
[SourceVersion "1"]
[SourceVersionDate "2015.10.08"]
[SourceQuality "1"]
[WhiteTeam "Heusenstamm"]
[BlackTeam "Kassel"]
[WhiteTeamCountry "GER"]
[BlackTeamCountry "GER"]

1. e4 e5 2. Nf3 Nc6 3. d4 exd4 4. Bc4 Bc5 5. c3 Nf6 6. cxd4 Bb4+ 7. Bd2 Bxd2+ 8. Nbxd2 d5 9. exd5 Nxd5 10. Qb3 Na5 11. Qa4+ Nc6 12. Ne5 0-0 13. Bxd5 Nxe5 14. Be4 Ng4 15. 0-0 Qd6 16. Nf3 c6 17. Rfe1 Be6 18. h3 Nf6 19. Bd3 h6 20. Ne5 Rfd8 21. Rad1 Qc7 22. b3 Qb6 23. Nc4 Bxc4 24. Qxc4 Kf8 25. Bc2 Rd5 26. Re5 Rad8 27. Rxd5 Rxd5 28. b4 Rd7 29. a3 g6 30. g3 Kg7 31. Kg2 a6 32. Bb3 Qd8 33. Re1 Qb6 34. Qc5 Qd8 35. Qc4 Qb6 36. Rd1 Qd8 37. Qc3 Nd5 38. Qd2 Qf6 39. Bxd5 Rxd5 40. Qe3 Qd6 41. Qc3 Qf6 42. h4 h5 43. Rd3 Kg8 44. Rd1 Kg7 45. Rd3 1/2-1/2

[Event "Heusenstamm Schloss op 1st"]
[Site "Heusenstamm"]
[Date "2014.11.20"]
[Round "1"]
[White "Zuyev, Igor"]
[Black "Berkes, Joerg"]
[Result "1-0"]
[WhiteElo "2379"]
[BlackElo "1775"]
[PlyCount "61"]
[EventDate "2014.11.20"]
[EventType "swiss"]
[EventRounds "7"]
[EventCountry "GER"]
[SourceTitle "CBM 163 Extra"]
[Source "ChessBase"]
[SourceDate "2014.12.23"]
[SourceVersion "1"]
[SourceVersionDate "2014.12.23"]
[SourceQuality "1"]

1. e4 e6 2. d4 d5 3. Nc3 Bb4 4. e5 c5 5. Bd2 cxd4 6. Nb5 Bc5 7. Qg4 Kf8 8. b4 Be7 9. Nf3 Nc6 10. Nbxd4 Qb6 11. c3 Nxd4 12. Nxd4 Qc7 13. Qf4 f6 14. exf6 Bd6 15. fxg7+ Kxg7 16. Qg4+ Kf7 17. Qh5+ Kg7 18. Nb5 Qd8 19. Bd3 Be7 20. 0-0 Bd7 21. Rae1 Qe8 22. Qe5+ Bf6 23. Qg3+ Kf8 24. Nc7 Qc8 25. Nxa8 Qxa8 26. Qd6+ Ke8 27. c4 Be7 28. Rxe6 Bxe6 29. Qxe6 Qd8 30. cxd5 Kf8 31. Rc1 1-0

[Event "Oberliga Ost-B 1314"]
[Site "Germany"]
[Date "2013.11.10"]
[Round "3.2"]
[White "Haensel, Thomas"]
[Black "Zuyev, Igor"]
[Result "0-1"]
[WhiteElo "2376"]
[BlackElo "2345"]
[PlyCount "60"]
[EventDate "2013.10.13"]
[EventType "team-tourn"]
[EventRounds "11"]
[EventCountry "GER"]
[SourceTitle "EXT 2015"]
[Source "ChessBase"]
[SourceDate "2014.11.20"]
[SourceVersion "1"]
[SourceVersionDate "2014.11.20"]
[SourceQuality "1"]
[WhiteTeam "Erfurt Empor"]
[BlackTeam "Heusenstamm"]
[WhiteTeamCountry "GER"]
[BlackTeamCountry "GER"]

1. e4 c5 2. Nf3 g6 3. d4 cxd4 4. Nxd4 Nc6 5. c4 Nf6 6. Nc3 d6 7. f3 Nxd4 8. Qxd4 Bg7 9. Bg5 Be6 10. Nd5 0-0 11. Qd2 Rc8 12. Bxf6 exf6 13. Be2 Bxd5 14. exd5 Re8 15. 0-0 Qb6+ 16. Kh1 f5 17. Bd3 Qd4 18. Rfd1 Re3 19. Be2 Qf4 20. g3 Qe5 21. Bf1 Rxf3 22. Re1 Qxb2 23. Qxb2 Bxb2 24. Rab1 Rf2 25. Re2 Rxe2 26. Bxe2 Bd4 27. Rxb7 Re8 28. Bd3 Re1+ 29. Kg2 Ra1 30. Bb1 Bb6 0-1